[Event "GER-ch44 V04 email"]
[Site "GER email"]
[Date "2012.04.25"]
[Round "?"]
[White "Hinz, Horst"]
[Black "Hobel, Hartmut"]
[Result "1/2-1/2"]
[WhiteElo "2100"]
[BlackElo "2192"]
[PlyCount "55"]
[EventDate "2012.04.30"]
[EventType "tourn (corr)"]
[EventRounds "10"]
[EventCountry "GER"]
[SourceTitle "Corr 2015"]
[Source "ChessBase"]
[SourceDate "2015.07.17"]
[SourceVersion "1"]
[SourceVersionDate "2015.07.17"]
[SourceQuality "1"]

1. d4 Nf6 2. c4 g6 3. Nc3 Bg7 4. e4 d6 5. Nf3 0-0 6. Be2 e5 7. Be3 exd4 8. Nxd4 Nc6 9. 0-0 Re8 10. f3 Nh5 11. Nxc6 bxc6 12. Qd2 c5 13. Rad1 Bb7 14. Nd5 a5 15. Rf2 Qb8 16. g4 Nf6 17. h4 Bxd5 18. cxd5 Qb4 19. Qc2 Rab8 20. b3 h5 21. g5 Nxe4 22. fxe4 Qxe4 23. Qxe4 Rxe4 24. Bf4 Bd4 25. Rxd4 Rxd4 26. Bc4 a4 27. Bg3 Re8 28. Rc2 1/2-1/2

[Event "GER-ch44 V04 email"]
[Site "GER email"]
[Date "2012.04.25"]
[Round "?"]
[White "Hobel, Hartmut"]
[Black "Hanel, Roland"]
[Result "1/2-1/2"]
[WhiteElo "2192"]
[BlackElo "2143"]
[PlyCount "120"]
[EventDate "2012.04.30"]
[EventType "tourn (corr)"]
[EventRounds "10"]
[EventCountry "GER"]
[SourceTitle "Corr 2015"]
[Source "ChessBase"]
[SourceDate "2015.07.17"]
[SourceVersion "1"]
[SourceVersionDate "2015.07.17"]
[SourceQuality "1"]

1. d4 Nf6 2. c4 e6 3. Nc3 Bb4 4. f3 d5 5. a3 Bxc3+ 6. bxc3 0-0 7. cxd5 exd5 8. e3 b6 9. Bd3 c5 10. Ne2 Re8 11. 0-0 Nc6 12. Ng3 h5 13. Ne2 Qc7 14. Qe1 Na5 15. Rb1 Bb7 16. Nf4 Qc8 17. Qh4 Ba6 18. Bxa6 Qxa6 19. g4 hxg4 20. fxg4 Nh7 21. g5 cxd4 22. cxd4 Nc4 23. Rb3 Qa4 24. Rc3 Re4 25. Qh5 Rd8 26. Nxd5 Qe8 27. Nc7 Qd7 28. g6 fxg6 29. Qd5+ Qxd5 30. Nxd5 b5 31. Nc7 Rc8 32. Na6 Nf6 33. Nc5 Re7 34. Rf3 Nd6 35. Bd2 a5 36. Rd3 Nc4 37. Bc1 g5 38. h3 a4 39. Rg3 Rce8 40. Rf3 Nd6 41. Bd2 Nc4 42. Bc1 Kh7 43. Rg3 Kh6 44. Kh2 Rf7 45. Rg2 Ne4 46. Nxe4 Rxe4 47. Rg3 Rf1 48. Rc3 Rd1 49. Kg2 Rh4 50. Kf2 Kg6 51. e4 g4 52. Be3 Nxe3 53. Rgxe3 Rd2+ 54. Kg3 Rxh3+ 55. Kf4 Rxd4 56. Rxh3 gxh3 57. Rxh3 b4 58. axb4 Rxb4 59. Rh8 Rb1 60. Ra8 Rf1+ 1/2-1/2

[Event "GER-ch44 V04 email"]
[Site "GER email"]
[Date "2012.04.25"]
[Round "?"]
[White "Ludwig, Christoph"]
[Black "Hobel, Hartmut"]
[Result "1-0"]
[WhiteElo "2050"]
[BlackElo "2192"]
[PlyCount "115"]
[EventDate "2012.04.30"]
[EventType "tourn (corr)"]
[EventRounds "10"]
[EventCountry "GER"]
[SourceTitle "Corr 2015"]
[Source "ChessBase"]
[SourceDate "2015.07.17"]
[SourceVersion "1"]
[SourceVersionDate "2015.07.17"]
[SourceQuality "1"]

1. Nf3 Nf6 2. c4 g6 3. Nc3 d5 4. cxd5 Nxd5 5. Qc2 Bg7 6. e4 Nb6 7. d4 0-0 8. Be3 Nc6 9. d5 Na5 10. Rd1 Nac4 11. Bd4 Bg4 12. Bxg7 Kxg7 13. b3 Bxf3 14. gxf3 Ne5 15. Bg2 Qd6 16. f4 Ng4 17. h3 Nh6 18. Ne2 c6 19. Qc3+ Qf6 20. e5 Qf5 21. dxc6 bxc6 22. Qxc6 Rfd8 23. 0-0 Rac8 24. Qf3 Qc2 25. Nd4 Qb2 26. Qe3 Qxa2 27. Bb7 Rb8 28. f5 Nxf5 29. Nxf5+ gxf5 30. Qg5+ Kh8 31. Rxd8+ Rxd8 32. Qxe7 Rg8+ 33. Kh2 Qe2 34. Qf6+ Rg7 35. Bg2 Qh5 36. Ra1 Qg6 37. Bc6 Qxf6 38. exf6 Rg6 39. b4 Rxf6 40. b5 Nc8 41. Bd7 Nb6 42. Rxa7 Nxd7 43. Rxd7 Kg7 44. Kg3 Re6 45. Rd1 Kf8 46. Rb1 Rb6 47. Kf4 Ke7 48. f3 Ke6 49. Rb2 Ke7 50. h4 Kf6 51. h5 Ke7 52. Re2+ Kd8 53. Re5 Rd6 54. Kxf5 Rh6 55. Ke4 Rb6 56. f4 Rb7 57. Kd4 h6 58. Rd5+ 1-0

[Event "GER-ch 2012-A-V5 serv"]
[Site "GER email"]
[Date "2012.03.14"]
[Round "?"]
[White "Just, Joachim"]
[Black "Hobel, Hartmut"]
[Result "0-1"]
[WhiteElo "2011"]
[BlackElo "2182"]
[PlyCount "124"]
[EventDate "2012.03.19"]
[EventType "tourn (corr)"]
[EventRounds "6"]
[EventCountry "GER"]
[SourceTitle "Corr 2015"]
[Source "ChessBase"]
[SourceDate "2015.07.17"]
[SourceVersion "1"]
[SourceVersionDate "2015.07.17"]
[SourceQuality "1"]

1. d4 f5 2. g3 Nf6 3. Bg2 g6 4. Nf3 Bg7 5. 0-0 0-0 6. c4 d6 7. Nc3 Qe8 8. d5 a5 9. Be3 Na6 10. Qc1 Ng4 11. Bd4 Bh6 12. Qd1 c5 13. dxc6 bxc6 14. Na4 c5 15. Bc3 Bb7 16. Nb6 Ra7 17. Nh4 Bxg2 18. Nxg2 Nf6 19. Bxf6 Rxf6 20. e3 Rf8 21. Qd2 a4 22. Nd5 Rb7 23. Rab1 Qd7 24. Ngf4 g5 25. Nd3 Bg7 26. Rfd1 Kh8 27. Nc3 Qe6 28. b3 axb3 29. Rxb3 Rxb3 30. axb3 Nc7 31. Ra1 Rb8 32. Nc1 Kg8 33. Ra3 Bxc3 34. Qxc3 Ne8 35. Ra7 Nf6 36. Qc2 Kf7 37. Qd1 Qe5 38. Qc2 h6 39. Ra3 h5 40. Nd3 Qe4 41. Qe2 Qb7 42. Qd1 Rh8 43. Ne1 h4 44. gxh4 Rxh4 45. Nf3 Rh5 46. Nd2 Rh3 47. Qf1 Rh4 48. f3 Qb4 49. Ra2 Qc3 50. Qf2 Nd7 51. Kh1 Ne5 52. Qg1 Kg6 53. Qe1 Rh5 54. Kg1 Kf7 55. Qe2 g4 56. fxg4 Nxg4 57. Nf1 Rg5 58. Kh1 Qxb3 59. Rb2 Qa3 60. Ra2 Qc1 61. h4 Rh5 62. Kg2 Rxh4 0-1